ロード中...

Urban and Environmental economics (PB)

書誌詳細
第一著者: Graham Squires
出版事項: Routledge 2012
LEADER 00210 a2200097 4500
020
260 |b Routledge  |c 2012 
942 |c BK  |6 _ 
245 |a Urban and Environmental economics (PB) 
100 |a Graham Squires 
999 |c 65792  |d 65792